000 00433nam a22001457a 4500
020 _a987912051-5
080 _a340.1 SE 52
245 _aEl Derecho como objeto e instrumento de transformacion
260 _aCiudad Autonoma de Buenos Aires
_bEditores del Puerto
_c2003
300 _a328 p.
490 _aSELE 2002
500 _aSeminario Latinoamericano de Teoria Constitucional y Politica
945 _asa
_d2014-10-30
999 _c2672
_d233176
942 _6_